000 01329cam a2200373 i 4500
001 68839
003 Mx-PuUPA
005 20221118112206.0
008 221014s2014 mx a gr 000 0 spa d
020 _a9786072412910
020 _a9789706889423
_qde la colección Los piratas de El barco de vapor
040 _aMx-PuUPA
_bspa
_cMx-PuUPA
_dMx-PuUPA
_erda
041 0 _aspa
100 1 _910752
_aJaramillo Agudelo, Darío,
_d1947-
_eautor
245 1 0 _aNicolás aprende los números /
_cDarío Jaramillo Agudelo, Juan Camilo Mayorga
250 _aPrimera edición
264 1 _aCiudad de México :
_bSM de Ediciones,
_c2014
300 _a48 páginas sin numerar :
_bilustraciones ;
_c19 cm
336 _2rdacontent
_atexto
_btxt
336 _2rdacontent
_aimagen fija
_bsti
337 _2rdamedia
_asin medio
_bn
338 _2rdacarrier
_avolumen
_bnc
490 1 _aEl barco de vapor. Los piratas ;
_v23 M
521 0 _aPara empezar a leer.
650 7 _2armarc
_aPoesía infantil
650 7 _2armarc
_aNúmeros
_xLiteratura infantil
700 1 _aCamilo Mayorga, Juan,
_eautor
830 0 _aBarco de vapor
_pLos piratas
_v23 M
942 _2ddc
_cLI
_h808.0681
_iB2623
999 _c68839
_d68839